Country name in Korean & Japanese - Statistics

General Stats
  • This quiz has been taken 1,826 times
  • The average score is 19 of 22
Answer Stats
Korean (Pronunciation) Japanese (Pronunciation) Answer % Correct
Kaenada Kanada Canada
98%
Itallia Itaria Italy
98%
Monggol Mongoru Mongolia
98%
Belgie Berugī Belgium
97%
Reosia Roshia Russia
97%
Daeman Taiwan Taiwan
97%
Miguk Amerika United States
97%
Indo Indo India
94%
Aljeri Arujeria Algeria
93%
Ilbon Nihon Japan
93%
Areuhentina Aruzenchin Argentina
92%
Taeguk Tai Thailand
92%
Seupein Supein Spain
91%
Nedeollandeu Oranda Netherlands
89%
Peurangseu Furansu France
87%
Twireukiye Toruko Turkey
84%
Jungguk Chūgoku China
77%
Hanguk Kankoku South Korea
76%
Beteunam Betonamu Vietnam
76%
Beurajil Burajiru Brazil
74%
Yeongguk Igirisu United Kingdom
70%
Dogil Doitsu Germany
66%
No matching quizzes found
Score Distribution
Percent of People with Each Score
Percentile by Number Answered
Your Score History
You have not taken this quiz